Top 20 Most Guessed Countries - Statistics

General Stats
  • This quiz has been taken 1,802 times
  • The average score is 18 of 20
Answer Stats
Percent Guessed Answer % Correct
97% United States
100%
96% Canada
98%
95% China
98%
96% Russia
98%
94% United Kingdom
98%
94% France
97%
94% Brazil
96%
92% Germany
96%
94% Mexico
96%
92% Spain
96%
94% Australia
94%
92% India
94%
94% Italy
93%
92% Japan
93%
86% Argentina
85%
87% Egypt
83%
88% South Africa
78%
86% Portugal
73%
87% Ireland
72%
86% Iceland
44%
No matching quizzes found
Score Distribution
Percent of People with Each Score
Percentile by Number Answered
Your Score History
You have not taken this quiz